| 000 | 00568nam a2200181Ia 4500 | ||
|---|---|---|---|
| 005 | 20250423094354.0 | ||
| 008 | 250422s9999 xx 000 0 und d | ||
| 020 | _a9780136155584 | ||
| 050 | _aDT 19 .B75/ | ||
| 100 | _aBrizuela-Garcia, Esperanza. | ||
| 245 | 0 | _aAfrican histories : new sources and new techniques for studying African pasts | |
| 260 | _aBoston | ||
| 260 | _bPearson | ||
| 260 | _c2012 | ||
| 300 | _a284 p | ||
| 650 | _aAfrica--Historiography--Methodology. Africa--History--Study and teaching (Higher) Africa--History--Sources. | ||
| 942 | _cBK | ||
| 999 |
_c27041 _d27041 |
||